000
00250nam a2200109Ia 4500
008
230907s9999||||xx |||||||||||||| ||und||
082
_a
612.78
_b
CAR
100
_a
Carré, R.,
_9
116129
245
0
_a
Speech :
300
_a
ix, 232 pages ;
942
_c
BK
999
_c
601131
_d
601131